| 000 | 00515nam a22001577a 4500 | ||
|---|---|---|---|
| 003 | OSt | ||
| 005 | 20151016124801.0 | ||
| 008 | 130410s1985 sp ||||| |||| 00| 0 cat d | ||
| 040 | _cCDMR | ||
| 245 |
_aAnuari de la Informació de Catalunya 1985 _cAssociació de la Premsa de Catalunya |
||
| 260 |
_aBarcelona _bAssociació de la Premsa de Barcelona _c1985 |
||
| 300 | _a147 p. | ||
| 650 | 0 | 4 |
_93923 _aMitjans de comunicació de massa _vDirectoris |
| 710 | 2 |
_9133 _aCol·legi de Periodistes de Catalunya |
|
| 942 |
_2udc _cMON |
||
| 999 |
_c6081 _d6081 |
||